00891nam a2200229 a 4500001001000000003000500010005001700015008004100032010001100073011001100084040000900095100003500104245015500139260004100294500006000335502007500395650003000470650003200500650003000532650002900562856007000591000115739CHAP20220329144546.0190701s2018 mx |sm |||||||spa d a112200 a113172 cCHAP1 aContreras Castillo, Alejandro.10aAnálisis de la experiencia agroecológica de la Asociación Amikoos de Dúrcal, Granada Españah[En línea]cpor Alejandro Contreras Castillo. aChapingo, Méx. :bEl autor,c2018. aPara ver el contenido del material haga clic en la liga aTesis (Ing. en Agroecología) -- UACH. Departamento de Agroecología14aCooperativas agrícolas.14aDesarrollo de la comunidad.14aHorticultura cooperativa.14aHorticultura orgánica. aFinding aiduhttp://10.13.5.2/tesis/sist115739.pdfzTeclea aquí